Experiencing international business and management (Registro nro. 239669)

Detalles MARC
000 -ENCABEZADO
Número de control [NR] 02273cam a2200241 a 4500
005 - FECHA Y HORA DE LA ÚLTIMA TRANSACCIÓN
control field 20140903175035.0
008 - DE LONGITUD FIJA DE DATOS DE ELEMENTOS - INFORMACIÓN GENERAL
Elementos de longitud fija [NR] 100506s2011 xxua frn 001 0 eng d
020 ## - NUMERO INTERNACIONAL NORMALIZADO PARA LIBROS [R]
Número Internacional Normalizado del libro [NR] 9780765625489
040 ## - FUENTE DE CATALOGACION [NR]
Agencia de catalogación original [NR] CO-BoUCM
Quien Cataloga
Quien Clasifica Aldemar Mondragón
Idioma de catalogación [NR] spa
041 0# - CODIGO DE IDIOMA [R]
Código de idioma para texto/pista de sonido o título separado [R] Inglés
100 1# - ASIENTO PRINCIPAL--NOMBRE PERSONAL [NR]
Nombre personal [NR] Punnett, Betty Jane
ID Autoridad 57830
245 10 - MENCION DE TITULO [NR]
Título [NR] Experiencing international business and management
Parte restante del título [NR] exercises, projects, and cases
Mención de responsabilidad, etc. [NR] Betty Jane Punnett
250 ## - MENCION DE EDICION [NR]
Mención de edición [NR] 2a ed
260 ## - PUBLICACION, DISTRIBUCION, ETC. (PIE DE IMPRENTA) [R]
Lugar de publicación, distribución, etc. [R] Armonk (Nueva York, Estados Unidos)
Nombre del editor, distribuidor, etc. [R] M.E. Sharpe
Fecha de publicación, distribución, etc. [R] 2011
300 ## - DESCRIPCION FISICA [R]
Extensión [R] ix, 158 páginas
Otros detalles físicos [NR] ilustraciones
505 0# - NOTA DE CONTENIDO CON FORMATO PREESTABLECIDO [R]
Nota de contenido con formato preestablecido [NR] Defining an international company : worksheet for exercise 1 -- Moving from domestic to global : worksheet for exercise 2 -- Benefits of trade -- Trade considerations : worksheet for exercises 3 and 4 -- Choosing your suppliers : worksheet for exercise 5 -- Friendly negotiations : worksheet for exercise 6 -- How do you negotiate? : worksheet for exercise 7 -- The relative value of money : worksheet for exercise 8 -- Pricing exports : worksheet for exercise 9 -- Advertising campaigns : worksheet for exercise 10 -- Marketing mistakes : worksheet for exercise 11 -- Effective advertising : worksheet for exercise 12 -- Expatriate assignment and repatriation : worksheet for exercise 13 -- Social responsibility : it depends on your point of view : worksheet for exercise 14 -- Environmental concerns and advocacy : worksheet for exercise 15 -- Child labor and international managers : worksheet for exercise 16 -- What is bribery? : worksheet for exercise 17 -- Describing culture : worksheet for exercise 18 -- Diversity and cross-national management : worksheet for exercise 19 -- Cross-cultural leadership style : worksheet for exercise 20 -- Cross-cultural motivation : worksheet for exercise 21 -- Cross-cultural awareness quiz -- New behaviors -- Managing political risk : worksheet for exercise 24 -- Risk assessment and management : worksheet for exercise 25.
650 #7 - ASIENTO SECUNDARIO DE MATERIA - TERMINO TEMATICO [R]
Término temático o nombre geográfico como elemento de entrada [NR] Administración de empresas
9 (RLIN) 58105
650 #7 - ASIENTO SECUNDARIO DE MATERIA - TERMINO TEMATICO [R]
Término temático o nombre geográfico como elemento de entrada [NR] Empresas de negocios internacionales
Subdivisión general [R] Administración
9 (RLIN) 57831
650 #7 - ASIENTO SECUNDARIO DE MATERIA - TERMINO TEMATICO [R]
Término temático o nombre geográfico como elemento de entrada [NR] Negocios internacionales
9 (RLIN) 20174
690 ## - ASUNTO AGREGADO LOCAL DE ENTRADA - TÉRMINO TEMÁTICO (OCLC, RLIN)
9 (RLIN) 42736
Acceso temático local Administración de empresas
942 ## - ELEMENTOS DE ENTRADA AGREGADOS (KOHA)
Tema principal Administración
Tipo de ítem principal el descrito en 300a Libro
Edición 2
Parte restante de la signatura top. P984e
Sistema de clasificación DEWEY
Clasificación 658.049
Existencias
Fecha de último préstamo Total préstamos Signatura topográfica Código de barras Última vez visto Volúmen / Fascículo Ejemplar Costo de reposición Price effective from Tipo de ítem Perdido Sistema de clasificación Dañado No prestable Tipo de ítem específico Suprimido Ubicación habitual Ubicación actual Localización Fecha de creación Proveedor Forma de adquisición Costo
16/01/2020 1 658.049 P984e 100140496 03/12/2024 2a.Ed. Ej.1 105000.00 03/03/2014 Libro   DEWEY     Libro   Bodega Bodega 5to piso 03/03/2014 15 Compra 105000.00